Responses for Show #1000 - Friday, December 30, 1988

Cigus Vanni game 1.

Contestants

[<< previous game]

Bettie Nielsen, a claims authorizer from Mission Woods, Kansas

Chris Byrne, an engineer originally from Boston, Massachusetts

Cigus Vanni, a psychologist from Bala Cynwyd, Pennsylvania

[next game >>]

Jeopardy! Round responses

19th CENTURY AMERICA
PEOPLE
AUTOMOBILES
MOTHER GOOSE
FOOD & DRINK
FINE CHINA
    $100 6
Pearl Harbor

Bettie
    $100 1
John Forsythe

Triple Stumper
    $100 18
Chrysler

Triple Stumper
    $100 7
carving knife

Cigus
    $100 12
margarine

Chris
    $100 22
bisque

Bettie
    $200 8
(Andrew) Johnson

Chris
    $200 2
Byron White

Cigus
    $200 19
Ford (station) wagon

Cigus
    $200 14
straw

Bettie
    $200 13
(Chris: What is corn?)

potato

Chris
Triple Stumper
    $1,200 27
(Cigus: What is "Barcarolle"?)
...
[The end-of-round signal sounds.]

"Clair De Lune"

Cigus
    $300 9
Yellowstone

Cigus
    $300 3
National Spelling Bee

Cigus
    $300 20
(Cigus: What is Toyota?)
(Chris: What is Nissan?)

Honda

CigusChrisBettie
    $300 15
fiddlers three

Bettie
    $300 21
sourdough bread

Bettie
    $400 10
John Adams & Thomas Jefferson

Chris
    $400 4
(Bettie: Who is God?)

astrology

Bettie
Triple Stumper
    $400 25
(Cigus: What is a Scirocco?)

Cabriolet

Cigus
Triple Stumper
    $400 16
The Fly

Triple Stumper
    $400 23
vitamin C

Cigus
    $500 11
Aaron Burr

Bettie
    $500 5
clean the ice between periods

Chris
    $500 26
carburetor

Triple Stumper
    $500 17
vinegar

Chris
    $500 24
pine nut

Cigus

Scores at the first commercial break (after clue 14):

Cigus Chris Bettie
$900 $1,000 $400

Scores at the end of the Jeopardy! Round:

Cigus Chris Bettie
$100 $1,200 $1,400

Double Jeopardy! Round responses

SHAKESPEARE
W W II
THE 50 STATES
BROADWAY SONGS
CONSTELLATIONS
TOUGH TRIVIA
    $200 4
(Chris: Who is Desdemona?)

himself

ChrisBettie
    $200 7
Sicily

Cigus
    $200 5
Indiana

Chris
    $200 20
(Bettie: What is daylight?)

Midnight

ChrisBettie
    $200 16
fly

Cigus
    $200 1
(Bettie: What is lemon?)

orange

ChrisBettie
    $400 6
Troilus & Cressida

Triple Stumper
    $400 13
Edward R. Murrow

Bettie
    $400 15
Kansas

Chris
    $400 21
a bright golden haze

Chris
    $400 17
Ursa

Chris
    $400 2
13

Triple Stumper
    $700 8
life

Cigus
    $600 14
(Bettie: What is Blitzkrieg?)

Blitz

CigusBettie
    $600 22
South Carolina

Triple Stumper
    $600 18
sails

Triple Stumper
    $600 3
high altitude

Cigus
    $800 9
(Chris: Who is Orsino?)

Prospero

CigusChris
    $800 24
(Bettie: What is Moscow?)

Leningrad

Bettie
Triple Stumper
    $800 23
West Virginia

Bettie
    $800 19
(Bettie: What is a bear?)

Cetus, the whale

Bettie
Triple Stumper
    $800 11
New Jersey

Cigus
    $1000 10
Richard III

Triple Stumper
    $1,000 25
(Bettie: What are the Midway Islands?)

Philippines

Bettie
    $1000 26
North Slope

Cigus
    $1000 27
[The end-of-round signal sounds.]

Andromeda

Triple Stumper
    $1000 12
dollar sign

Chris

Scores at the end of the Double Jeopardy! Round:

Cigus Chris Bettie
$5,000 $3,000 -$800

[wagering suggestions for these scores]

Final Jeopardy! Round responses

EXPLORERS
ChrisWho is Cortez
$2,001
CigusWho is Mayaguez?
$1,000
Ponce de Leon

Final scores:

Cigus Chris Bettie
$4,000 $999 -$800
New champion: $4,000 2nd place: Pinseeker golf clubs & Academy Broadway products for outdoor fun 3rd place: Video Treasures

Game dynamics:

Coryat scores:

Cigus Chris Bettie
$6,100 $3,000 $200
15 R
(including 1 DD),
3 W
(including 1 DD)
12 R,
4 W
10 R,
7 W
(including 1 DD)

Combined Coryat: $9,300

[game clues] [game scores] [suggest correction]

Game tape date: 1988-10-03
The J! Archive is created by fans, for fans. Scraping, republication, monetization, and malicious use prohibited; this site may use cookies and collect identifying information. See terms. The Jeopardy! game show and all elements thereof, including but not limited to copyright and trademark thereto, are the property of Jeopardy Productions, Inc. and are protected under law. This website is not affiliated with, sponsored by, or operated by Jeopardy Productions, Inc. Join the discussion at JBoard.tv.